000 00279nam a2200109Ia 4500
008 220204s9999 xx 000 0 und d
082 _a541.124
_bJOR
100 _aJordan, Donald G
245 0 _aChemical process development
260 _aNew York
_bInterscience
_c1968
942 _cBK
999 _c26892
_d26892